| 000 | 00416nam a22001457a 4500 | ||
|---|---|---|---|
| 005 | 20140311163044.0 | ||
| 008 | 140108b xxu||||| |||| 00| 0 eng d | ||
| 020 | _a0071120939 | ||
| 050 |
_aPE 1417 _b.R287 2002 |
||
| 245 |
_a75 readings plus / _cedited by Santi V. Buscemi, Charlotte Smith. |
||
| 260 |
_aBoston : _bMcGraw-Hill, _c2002. |
||
| 300 |
_axxi, 522 p. : _c23 cm. |
||
| 942 |
_2lcc _cBK _kFOR |
||
| 999 |
_c39800 _d39800 |
||